U-Tapao International Airport Destinations (Pattaya, Thailand) - Statistics

General Stats
  • This quiz has been taken 20 times
    5 since last reset
  • The average score is 3 of 15
Answer Stats
Airline Destination % Correct
Thai Lion Air Chiang Mai
100%
Bangkok Airways Phuket
75%
AirAsia Kuala Lumpur (International)
50%
Bangkok Airways Koh Samui
25%
Azur Air Moscow (Vnukovo)
25%
Azur Air Novosibirsk
25%
Azur Air Barnaul
0%
Azur Air/S7 Airlines Irkutsk
0%
Azur Air Khabarovsk
0%
Azur Air Krasnoyarsk (International)
0%
Azur Air Samara
0%
Thai Lion Air Thani
0%
Azur Air Tomsk
0%
Azur Air Ufa
0%
Azur Air Vladivostok
0%
No matching quizzes found
Score Distribution
Percent of People with Each Score
Percentile by Number Answered
Your Score History
You have not taken this quiz since the last reset